=LDR 00000nam 2200000 4500 =001 NUTBA000000000005132 =005 20141022091642.0 =006 =007 =008 =020 ##$$a 979-1211-18-3 =035 ##$$a 0010-101400000000362 =040 ##$$a NBPDMAT =090 ##$$a 712.5 $b Abd t =100 ##$$a Abdillah =245 ##$$a Taman dan hutan kota/ $c Abdillah; editor, Tim =260 ##$$a Jakarta : $b Azka Press, $c 2006 =300 ##$$a iv, 98 hlm. : $b ilus. ; $c 21 cm. =500 ##$$a Bibilografi : hlm. 75 =650 ##$$a Taman =700 ##$$a Tim =850 ##$$a NBPDMAT